[Event "Kuala Lumpur UM KPT op"]
[Site "Kuala Lumpur"]
[Date "2016.12.16"]
[Round "3"]
[White "Chia, Zheng De"]
[Black "Ramani, Prashant Raj"]
[Result "0-1"]
[WhiteElo "1182"]
[BlackElo "1583"]
[PlyCount "82"]
[EventDate "2016.12.16"]
[EventType "swiss"]
[EventRounds "9"]
[EventCountry "MAS"]
[SourceTitle "CBM 176 Extra"]
[Source "ChessBase"]
[SourceDate "2017.03.02"]
[SourceVersion "1"]
[SourceVersionDate "2017.03.02"]
[SourceQuality "1"]

1. d4 Nf6 2. Nf3 e6 3. Bg5 d5 4. e3 Be7 5. Bd3 0-0 6. 0-0 h6 7. Bxf6 Bxf6 8. Nbd2 c6 9. c4 Nd7 10. Nb3 Re8 11. Re1 e5 12. dxe5 Nxe5 13. Nxe5 Bxe5 14. Qc2 Qf6 15. Rab1 dxc4 16. Bxc4 Bf5 17. e4 Bg6 18. f3 Qf4 19. g3 Qxf3 20. Qf2 Qxf2+ 21. Kxf2 Bc7 22. Nc5 Bb6 23. b4 Bxe4 24. Rbd1 Bf5 25. Kf1 a6 26. Bd3 Bg4 27. Rxe8+ Rxe8 28. Re1 Bh3+ 29. Kf2 Rd8 30. Bf1 Bxc5+ 31. bxc5 Bxf1 32. Kxf1 Kf8 33. Kf2 Rd2+ 34. Re2 Rxe2+ 35. Kxe2 Ke7 36. Kd3 Ke6 37. Kc4 g5 38. Kb4 Kd5 39. a4 f5 40. h3 f4 41. gxf4 gxf4 0-1